Top 10 der Protestantischsten Länder in Europa - Statistiken

Allgemein
  • Dieses Quiz wurde 21.626 mal gespielt
  • Das Durchschnittsergebnis liegt bei 8 aus 10
Antwortstatistiken
% Land % Korrekt
27 Deutschland
98%
64 Schweden
90%
82 Norwegen
88%
72 Finnland
86%
76 Dänemark
85%
19 Niederlande
81%
50 Vereinigtes Königreich
77%
25 Schweiz
74%
76 Island
65%
20 Lettland
46%
Keine übereinstimmenden Quizze gefunden
Verteilung der Resultate
Anzahl Personen mit jedem Resultat
Perzentil nach korrekt beantworteten Fragen
Ihre Resultats-Entwicklung
Sie haben dieses Quiz noch nicht gespielt